| Tag |
First Indicator |
Second Indicator |
Subfields |
| LEADER |
00000cem a2200000 a 4500 |
| 001 |
in00001402684 |
| 005 |
20151020052135.0 |
| 007 |
aj aanzn |
| 008 |
970819s1997 utudg a f 0 eng d |
| 010 |
|
|
|a gp 97067269
|
| 034 |
1 |
|
|a a
|b 170000
|
| 034 |
1 |
|
|a a
|b 130000
|
| 035 |
|
|
|a (OCoLC)37495872
|
| 035 |
|
|
|9 AHM2771AM
|
| 040 |
|
|
|a GPO
|c GPO
|d DLC
|d MvI
|d UtOrBLW
|
| 052 |
|
|
|a 4272
|b S4
|
| 074 |
|
|
|a 0080-G
|
| 086 |
0 |
|
|a A 13.28:SA 9/14/997
|
| 110 |
1 |
|
|a United States.
|b Forest Service.
|
| 245 |
1 |
0 |
|a 1997 personal use firewood permit and map :
|b Sawtooth National Forest.
|
| 246 |
3 |
0 |
|a Burley ranger district
|
| 246 |
3 |
0 |
|a Twin Falls ranger district
|
| 255 |
|
|
|a Scale [ca. 1:170,000].
|
| 255 |
|
|
|a Scale [ca. 1:130,000].
|
| 264 |
|
1 |
|a [Ogden, Utah?] :
|b [The Service],
|c [1997]
|
| 300 |
|
|
|a 2 maps on 1 sheet :
|b both sides ;
|c 55 x 55 cm. and 55 x 57 cm., sheet 56 x 71 cm., folded to 28 x 18 cm.
|
| 336 |
|
|
|a cartographic image
|b cri
|2 rdacontent
|
| 337 |
|
|
|a unmediated
|b n
|2 rdamedia
|
| 338 |
|
|
|a sheet
|b nb
|2 rdacarrier
|
| 500 |
|
|
|a Relief shown by hachures and spot heights.
|
| 500 |
|
|
|a Shipping list number: 97-0255-P.
|
| 500 |
|
|
|a Includes text and ill.
|
| 500 |
|
|
|a Components: Burley ranger district -- Twin Falls ranger district.
|
| 500 |
|
|
|a Cartographic material.
|
| 650 |
|
0 |
|a Fuelwood cutting
|z Sawtooth National Forest (Idaho and Utah)
|x Maps.
|
| 651 |
|
0 |
|a Sawtooth National Forest (Idaho and Utah)
|x Maps.
|
| 999 |
|
|
|a MARS
|
| 999 |
f |
f |
|s 8a76d4a0-ce90-3aba-b803-9f8aba2e6b83
|i 80304c54-897b-31c9-9102-376883da8bdd
|t 0
|
| 952 |
f |
f |
|p normal
|a Texas A&M University
|b College Station
|c Sterling C. Evans Library
|d Evans: Maps (2nd floor)
|t 0
|e G4272.S4 k6 1997.U5
|h Library of Congress classification
|i unmediated -- sheet
|m A14824683039
|
| 998 |
f |
f |
|a G4272.S4 k6 1997.U5
|t 0
|l Evans: Maps (2nd floor)
|